00474nam a22001577a 450000500170000000800410001702000180005804100130007608200140008910000320010324500610013525000180019626000470021430000310026165000240029220231031143151.0231031b |||||||| |||| 00| 0 eng d a9780702177156 aEnglish  a346.7 GEN aHavenga, P et al. lEnglish aGeneral Principles of Commercial Law /cP Havenga et al. aSixth Edition aCape Town : bJuta and Company Ltd, c2007 bvii, 525 pages ; c25 cm.  alegal practicebLaw